|
|
|
|
| LEADER |
00000nam0a2200000 4500 |
| 001 |
21421 |
| 005 |
20231030192718.0 |
| 035 |
|
|
|a (RuTPU)RU\TPU\book\21620
|
| 035 |
|
|
|a BOOK00006313
|
| 090 |
|
|
|a 21421
|
| 100 |
|
|
|a 20011209d1980 km y0rusy50 ca
|
| 101 |
0 |
|
|a rus
|a eng
|
| 102 |
|
|
|a RU
|
| 105 |
|
|
|a a e 000zy
|
| 200 |
1 |
|
|a Краткий иллюстрированный русско-английский словарь по машиностроению
|e 3795 терминов
|f В. В. Шварц
|
| 210 |
|
|
|a Москва
|c Русский язык
|d 1980
|
| 215 |
|
|
|a 224 с.
|
| 610 |
1 |
|
|a английский язык
|
| 610 |
1 |
|
|a терминологические словари
|
| 610 |
1 |
|
|a машиностроение
|
| 610 |
1 |
|
|a словари
|
| 686 |
|
|
|a Ш143.21-43
|v LBC/SL-A
|2 rubbk
|
| 700 |
|
1 |
|a Шварц
|b В. В.
|g Владимир Владиславович
|
| 801 |
|
0 |
|a RU
|b 63413507
|c 20011209
|g PSBO
|
| 801 |
|
2 |
|a RU
|b 63413507
|c 20141224
|g PSBO
|
| 942 |
|
|
|c BK
|